Nalaganje...

Influence of glyceryl guaiacol ether on anaesthesia in goats

Bibliografske podrobnosti
Main Authors: K N Muraleedharan Nayar, T P Balagopalan
Format: Ph.D Thesis
Jezik:Undetermined
Izdano: College of veterinary and animal sciences 1986
Mannuthy
Izdaja:MVSC
Teme:
LEADER 00749nam a2200253Ia 4500
008 141122s9999 xx 000 0 und d
040 |c . 
041 |a English 
082 |a 617 
082 |b BAL/IN 
100 |a K N Muraleedharan Nayar 
100 |a T P Balagopalan 
245 |a Influence of glyceryl guaiacol ether on anaesthesia in goats 
245 |c T P Balagopalan 
250 |a MVSC  
260 |b College of veterinary and animal sciences 
260 |b Mannuthy 
260 |c 1986 
300 |a 88 Pages 
500 |a Reference 
650 |a Surgery 
942 |c TH 
999 |c 9489  |d 9489 
952 |0 0  |1 0  |4 0  |6 617_000000000000000_BALIN  |7 0  |9 9447  |a COVAS  |b COVAS  |d 0000-00-00  |o 617 BAL/IN  |p TH311   |r 2014-11-26  |w 2014-11-26  |y TH